000 01747nam0a22003851 4500
001 rc\2804426
005 20250806210524.0
035 _a(NLR Aleph) 006930397
090 _a62527
_c62527
100 _a20110915d1944 u y0rusy50 ca
101 0 _arus
102 _aRU
105 _ay j |||||
135 _acrcn 024anaba
200 1 _aБолгария в мировой войне
_eСтеногр. публичной лекции тов. В. П. Коларова, прочит. 15 ноября 1943 г.
_fЛекц. бюро при Ком. по делам высш. школы при СНК СССР
210 _aМосква
_cПолит. упр. Балт. флота
_d1944
215 _a24 с.
_d21 см.
325 _aКопия доступна в Электрон. б-ке РНБ
333 _aНа правах рукописи. Скопировано множит. аппаратом ГПБ
700 1 _aКоларов
_bВ.П.
_f1877-1950
_gВасиль Петров
801 0 _aRU
_bNLR
_gpsbo
801 1 _aRU
_bELAR
_2rusmarc
852 _aNLR
_j72-6/11530
856 0 _uhttps://vivaldi.nlr.ru/bx000036073/view
856 1 _uhttps://vivaldi.nlr.ru/bx000036073/cover
856 2 _uhttps://vivaldi.nlr.ru/bx000036073/text
942 _cBOOK
945 _aРоссийская национальная библиотека
980 _aNB
980 _aBV
981 2 2 _a(22) Материалы по истории России
_b(22) Политика
981 2 2 _a(22) Материалы по истории России
_b(22) История России с 25 октября (7 ноября) 1917 года